Program odpadového hospodárstva diplomová práca

Gespeichert in:
Bibliographische Detailangaben
1. Verfasser: Muchová, Eva
Körperschaft: Podnikovohospodárska fakulta EU so sídlom v Košiciach. Katedra ekonómie
Weitere Verfasser: Podolcová, Marta
Format: Buch
Sprache:Slowakisch
Veröffentlicht: Košice 2009
Tags: Tag hinzufügen
Keine Tags, Fügen Sie das erste Tag hinzu!

MARC

LEADER 00000nam$a2200000$$$4500
001 0098813
005 20240827092913.0
041 0 |a slo 
044 |a SK 
245 1 0 |a Program odpadového hospodárstva  |b diplomová práca  |c Eva Muchová ; škol. Marta Podolcová 
264 1 |a Košice  |c 2009 
300 |a 91 s. 
100 1 |a Muchová, Eva 
700 1 |a Podolcová, Marta 
710 2 |a Podnikovohospodárska fakulta EU so sídlom v Košiciach. Katedra ekonómie